000 00645nam a22002053a 4500
005 20210223124145.0
008 010605s1995 mx fr 000 0 spa d
020 _a8477382778
035 _aUPN01000107537
049 _aCG
050 4 _aHC241.2
_bU5.4
245 0 3 _aLa Unión Europea /
_cInmaculada Caravaca Barroso ... [et al.] ; ed. Rafael Puyol Antolín.
260 _aMadrid :
_bSíntesis,
_c1995.
300 _a393 p.
440 0 _aEspacios y sociedades.
_pSerie mayor ;
_v4
651 4 _aPAISES DE LA UNION EUROPEA
_97697
700 1 _aCaravaca Barroso, Inmaculada,
_ecoaut.
700 1 _aPuyol Antolín, Rafael,
_eed.
905 _aLibro
999 _c81449
_d81449